000
00291nam a2200133Ia 4500
100
_a
Audels
942
_c
BK
654
_a
Air Compressors
245
_a
Pumps Hydraulics Air Compressors
260
_b
D.B. Tarapore vala
_a
Bombay
_c
1964
300
_a
1006
546
_a
ENGLISH
999
_c
28536
_d
28536